[Event "IECC Swiss email"]
[Site "IECC email"]
[Date "1998.11.27"]
[Round "1"]
[White "Femmel, Don"]
[Black "Oestmark, Soeren"]
[Result "1-0"]
[WhiteElo "1812"]
[BlackElo "1400"]
[PlyCount "39"]
[EventDate "1998.??.??"]
[EventType "tourn (corr)"]
[EventRounds "6"]
[SourceTitle "Corr 2008"]
[Source "ChessBase"]
[SourceDate "2008.06.24"]
[SourceVersion "1"]
[SourceVersionDate "2008.06.24"]
[SourceQuality "1"]

1. e4 e5 2. Nf3 Nc6 3. Bb5 a6 4. Ba4 Nf6 5. 0-0 Bc5 6. c3 b5 7. Bc2 d6 8. d4 Bb6 9. a4 Bb7 10. d5 Nb8 11. axb5 axb5 12. Rxa8 Bxa8 13. Bg5 c6 14. dxc6 Bxc6 15. Qd3 0-0 16. Na3 h6 17. Bxf6 gxf6 18. Nh4 Qd7 19. Nf5 Kh7 20. Qh3 1-0

[Event "IECC M email"]
[Site "IECC email"]
[Date "1998.09.27"]
[Round "?"]
[White "Hughes, Stephen J"]
[Black "Oestmark, Soeren"]
[Result "1-0"]
[WhiteElo "1447"]
[BlackElo "1334"]
[PlyCount "31"]
[EventDate "1998.??.??"]
[EventType "tourn (corr)"]
[EventRounds "12"]
[SourceTitle "Corr 2008"]
[Source "ChessBase"]
[SourceDate "2008.06.24"]
[SourceVersion "1"]
[SourceVersionDate "2008.06.24"]
[SourceQuality "1"]

1. d4 Nf6 2. Nf3 d6 3. e3 a6 4. Bd3 Bg4 5. 0-0 g6 6. Bd2 e5 7. Nc3 Bg7 8. h3 exd4 9. exd4 Bxf3 10. Qxf3 c6 11. Rfe1+ Kd7 12. Ne4 Kc7 13. c4 Rf8 14. Nxd6 Nh5 15. c5 Bxd4 16. Ba5+ 1-0

[Event "IECC M email"]
[Site "IECC email"]
[Date "1998.09.25"]
[Round "?"]
[White "Firns, Pete"]
[Black "Oestmark, Soeren"]
[Result "0-1"]
[WhiteElo "1143"]
[BlackElo "1251"]
[PlyCount "74"]
[EventDate "1998.??.??"]
[EventType "tourn (corr)"]
[EventRounds "12"]
[SourceTitle "Corr 2008"]
[Source "ChessBase"]
[SourceDate "2008.06.24"]
[SourceVersion "1"]
[SourceVersionDate "2008.06.24"]
[SourceQuality "1"]

1. d4 Nf6 2. Nc3 g6 3. Bf4 d6 4. d5 Bg4 5. Qd4 e5 6. dxe6 Bxe6 7. Bg5 Bg7 8. Ne4 Nbd7 9. g3 d5 10. Nxf6+ Nxf6 11. 0-0-0 0-0 12. Qb4 b6 13. e4 Qd6 14. Qxd6 cxd6 15. f3 dxe4 16. Rxd6 exf3 17. Be3 f2 18. Ne2 Bd5 19. Rxd5 Nxd5 20. Bxf2 Rad8 21. Nd4 Nb4 22. a3 Bxd4 23. Bxd4 Rxd4 24. axb4 Rfd8 25. c3 Rd1+ 26. Kc2 R8d2+ 27. Kb3 Rf2 28. c4 Rfxf1 29. c5 Rxh1 30. Kc4 Rc1+ 31. Kb5 bxc5 32. bxc5 Rxh2 33. b4 Rb2 34. g4 Rxc5+ 35. Kxc5 Rxb4 36. Kxb4 a5+ 37. Kxa5 h5 0-1

[Event "IECC M email"]
[Site "IECC email"]
[Date "1998.09.25"]
[Round "?"]
[White "Windle, Nicholas"]
[Black "Oestmark, Soeren"]
[Result "1-0"]
[WhiteElo "1310"]
[BlackElo "1251"]
[PlyCount "99"]
[EventDate "1998.??.??"]
[EventType "tourn (corr)"]
[EventRounds "12"]
[SourceTitle "Corr 2008"]
[Source "ChessBase"]
[SourceDate "2008.06.24"]
[SourceVersion "1"]
[SourceVersionDate "2008.06.24"]
[SourceQuality "1"]

1. d4 Nf6 2. c4 g6 3. Nc3 d5 4. b3 c6 5. Bd2 Bg4 6. Nf3 Bxf3 7. exf3 e6 8. Bd3 Bg7 9. Be3 0-0 10. 0-0 Qe7 11. Na4 Nbd7 12. Qd2 b6 13. c5 b5 14. Nc3 Rfb8 15. Ne2 a5 16. Bf4 Rb7 17. Bd6 Qd8 18. g4 Ne8 19. Qf4 Nxd6 20. Qxd6 Qg5 21. Qxc6 Rbb8 22. Qxd7 e5 23. Bxb5 exd4 24. Rfd1 d3 25. Rxd3 Bxa1 26. Rxd5 Qd8 27. c6 Qxd7 28. cxd7 Bf6 29. a4 Rb6 30. g5 Be7 31. h4 Rd6 32. Nf4 Rxd5 33. Nxd5 Bd6 34. Nb6 Rb8 35. Nc4 Bc7 36. Kg2 Kf8 37. f4 Ke7 38. Kg3 Rxb5 39. axb5 Kxd7 40. b6 Bd8 41. Kg4 Kc8 42. f3 Kb7 43. Nxa5+ Kxb6 44. Nc4+ Kc5 45. f5 Kb4 46. fxg6 fxg6 47. h5 Bc7 48. hxg6 hxg6 49. f4 Kxb3 50. Ne5 1-0

[Event "IECC M email"]
[Site "IECC email"]
[Date "1998.09.22"]
[Round "?"]
[White "Hervas, Fernando"]
[Black "Oestmark, Soeren"]
[Result "1-0"]
[WhiteElo "1389"]
[BlackElo "1288"]
[PlyCount "67"]
[EventDate "1998.??.??"]
[EventType "tourn (corr)"]
[EventRounds "12"]
[SourceTitle "Corr 2008"]
[Source "ChessBase"]
[SourceDate "2008.06.24"]
[SourceVersion "1"]
[SourceVersionDate "2008.06.24"]
[SourceQuality "1"]

1. e4 e5 2. Nf3 Nc6 3. Bb5 a6 4. Ba4 Nf6 5. 0-0 b5 6. Bb3 Be7 7. Re1 0-0 8. c3 d5 9. exd5 Nxd5 10. Nxe5 Nxe5 11. Rxe5 Bb7 12. Qf3 c6 13. d4 Bd6 14. Re1 Qh4 15. g3 Qf6 16. Qxf6 Nxf6 17. Bg5 c5 18. Bxf6 gxf6 19. Na3 c4 20. Bc2 Rfe8 21. Bf5 h6 22. Nc2 Kf8 23. Re3 Rxe3 24. Nxe3 a5 25. a4 Bc6 26. axb5 Bxb5 27. Be4 Ra7 28. Bd5 a4 29. Bxc4 Bxc4 30. Nxc4 Be7 31. Kg2 Ke8 32. Kf3 Kd7 33. Nb6+ Kc6 34. Nc8 1-0

[Event "IECC M email"]
[Site "IECC email"]
[Date "1998.07.04"]
[Round "?"]
[White "De Baere, David"]
[Black "Oestmark, Soeren"]
[Result "1-0"]
[WhiteElo "1397"]
[BlackElo "1325"]
[PlyCount "49"]
[EventDate "1998.??.??"]
[EventType "tourn (corr)"]
[EventRounds "12"]
[SourceTitle "Corr 2008"]
[Source "ChessBase"]
[SourceDate "2008.06.24"]
[SourceVersion "1"]
[SourceVersionDate "2008.06.24"]
[SourceQuality "1"]

1. e4 e5 2. Nf3 Nc6 3. Bc4 Bc5 4. c3 Nf6 5. d4 exd4 6. cxd4 Bb4+ 7. Bd2 Bxd2+ 8. Nbxd2 d5 9. exd5 Nxd5 10. Qb3 Na5 11. Qa4+ Nc6 12. 0-0 0-0 13. Rfe1 Nb6 14. Qc2 Nxd4 15. Nxd4 Qxd4 16. Bd3 g6 17. Nf3 Qd8 18. Rad1 Bd7 19. Ne5 c6 20. Bc4 Qc7 21. Nxg6 hxg6 22. Qxg6+ Kh8 23. Qh6+ Kg8 24. Rd4 Rfe8 25. Qg6+ 1-0